000 01089nam a22003377a 4500
003 CHAP
005 20220817044449.0
008 110802s2007 us a r 00010 eng d
010 _a101685
011 _a102657
020 _a0486453286
035 _a113346
040 _cCHAP
082 0 4 _a629.82
_bAt35
100 1 _aAthans, Michael
_98220
245 1 0 _aOptimal control :
_ban introduction to the theory and its applications
_c/por Michael Athans y Peter L. Falb
260 _aMineola, N.Y. :
_bDover,
_c2007
300 _axvi, 879 p. :
_bilus.
590 _aBATCH-UPD
_b10
_c20130110
_lUCH01
_h1222
590 _aBATCH-UPD
_b10
_c20130410
_lUCH01
_h0756
590 _aBATCH-UPD
_b10
_c20130914
_lUCH01
_h0429
590 _aCONVERSION
_b10
_c20130109
_lUCH01
_h1356
650 1 4 _aControl automático.
_927578
650 1 4 _aProgramación.
650 1 4 _aSistemas de control.
_9106742
650 1 4 _aSistemas de información.
_9106760
700 1 _aFalb, Peter L.
_939374
901 _aBK
942 _cLIBRO
949 _a629.82 At35
_bBC
_cLIBRO
_d33724002300454
_eLIBRO
_h115440
_i113346
_sb
999 _c101685
_d101685